000 00422nam a2200169Ia 4500
008 170705s9999 xx 000 0 und d
020 _a9780545169103
245 _aThis way, Ruby! /
245 _cby Jonathan Emmett ; illustrated by Rebecca Harry.
260 _aNew York :
260 _bScholastic,
260 _c2010
300 _aunpaged :
300 _bcolor illustration ;
300 _c25cm.
500 _a640
999 _c337236
_d337236